Slovak Economic Association Meeting in Košice book of abstracts : October 2 - 3, 2015, [Košice, the Slovak Republic]
Salvato in:
| Enti autori: | , |
|---|---|
| Altri autori: | , , |
| Natura: | Libro |
| Lingua: | inglese |
| Pubblicazione: |
Bratislava
EKONÓM
2015
|
| Edizione: | 1st. ed. |
| Soggetti: | |
| Tags: |
Nessun Tag, puoi essere il primo ad aggiungerne!!
|
MARC
| LEADER | 00000nam a2200000 4500 | ||
|---|---|---|---|
| 001 | 0211958 | ||
| 005 | 20240502073532.8 | ||
| 020 | |a 978-80-225-4144-2 | ||
| 041 | 0 | |a eng | |
| 044 | |a SK | ||
| 245 | 1 | 0 | |a Slovak Economic Association Meeting in Košice |b book of abstracts : October 2 - 3, 2015, [Košice, the Slovak Republic] |c editors: Eduard Baumöhl, Štefan Lyócsa, Tomáš Výrost |
| 250 | |a 1st. ed. | ||
| 264 | 1 | |a Bratislava |b EKONÓM |c 2015 | |
| 300 | |a 46 s. [5,31 AH] | ||
| 610 | 2 | 0 | |a peniaze |
| 610 | 2 | 0 | |a mena |
| 610 | 2 | 0 | |a bankovníctvo |
| 610 | 2 | 0 | |a makroekonomika |
| 610 | 2 | 0 | |a rast hospodársky |
| 610 | 2 | 0 | |a myslenie ekonomické |
| 610 | 2 | 0 | |a ekonómia |
| 610 | 2 | 0 | |a financie |
| 610 | 2 | 0 | |a tvorba cien |
| 610 | 2 | 0 | |a ekonómia behaviorálna |
| 610 | 2 | 0 | |a ekonómia experimentálna |
| 610 | 2 | 0 | |a práca |
| 610 | 2 | 0 | |a hospodárstvo podnikové |
| 700 | 1 | |a Baumöhl, Eduard, 1982- | |
| 700 | 1 | |a Lyócsa, Štefan, 1982- | |
| 700 | 1 | |a Výrost, Tomáš, 1978- | |
| 110 | 2 | |a Slovak Economic Association Meeting in Košice | |
| 710 | 2 | |a Slovak Economic Association | |